| 000 | 01034nam a2200265Ia 4500 | ||
|---|---|---|---|
| 003 | OSt | ||
| 005 | 20221005105719.0 | ||
| 006 | a|||||r|||| 00| 0 | ||
| 007 | ta | ||
| 008 | 221004b |||||||| |||| 00| 0 hin d | ||
| 020 |
_a9789380801322 (hbk) _c595 |
||
| 024 | _a13711 | ||
| 037 |
_bSP/3343, 19/03/2014, Star Publications Pvt. Ltd. _cTextual |
||
| 040 |
_aCRL _cCRL _bhin |
||
| 041 |
_2hin _ahin |
||
| 082 | _aO152,1(Delta73):g, Q1 | ||
| 100 | _aकन्हैया सिंह | ||
| 245 | 0 |
_aसूफ़ी काव्य _b सांस्कृतिक अनुशीलन |
|
| 246 | _aSūफ़ī kāvya: sāanskṛutik anushīlana | ||
| 260 |
_aनई दिल्ली _bशिवांक प्रकाशन भारत _c2011 |
||
| 300 |
_a268पृ0 _ccm. |
||
| 650 | _aहिन्दी साहित्य | ||
| 942 |
_hO152,1(Delta73):g, Q1 _cTEXL _2cc |
||
| 999 |
_c1016671 _d1016671 |
||